<?xml version="1.0" encoding="UTF-8"?>
<record
    xmlns:xsi="http://www.w3.org/2001/XMLSchema-instance"
    xsi:schemaLocation="http://www.loc.gov/MARC21/slim http://www.loc.gov/standards/marcxml/schema/MARC21slim.xsd"
    xmlns="http://www.loc.gov/MARC21/slim">

  <leader>00766nam a2200205 i 4500</leader>
  <controlfield tag="001">79213</controlfield>
  <controlfield tag="003">BD-RjUL</controlfield>
  <controlfield tag="005">20220630144931.0</controlfield>
  <controlfield tag="008">220118s1962    ii            000 0 urd d</controlfield>
  <datafield tag="035" ind1=" " ind2=" ">
    <subfield code="a">(BD-RjUL)79213</subfield>
  </datafield>
  <datafield tag="040" ind1=" " ind2=" ">
    <subfield code="a">NNL</subfield>
    <subfield code="e">rda</subfield>
    <subfield code="b">eng</subfield>
    <subfield code="c">BD-RjUL</subfield>
  </datafield>
  <datafield tag="041" ind1="0" ind2=" ">
    <subfield code="a">ara/urd</subfield>
  </datafield>
  <datafield tag="082" ind1=" " ind2=" ">
    <subfield code="2">23</subfield>
    <subfield code="a">492.75</subfield>
    <subfield code="b">NAD 1962</subfield>
  </datafield>
  <datafield tag="100" ind1="1" ind2=" ">
    <subfield code="a">&#x646;&#x627;&#x635;&#x641;&#x60C; &#x62D;&#x641;&#x646;&#x649;  ;; Nasef, Hefni, </subfield>
    <subfield code="d">1856-1919</subfield>
    <subfield code="e">&#x645;&#x624;&#x644;&#x641;</subfield>
    <subfield code="9">797</subfield>
  </datafield>
  <datafield tag="245" ind1="1" ind2="0">
    <subfield code="a"> &#x62F;&#x631;&#x648;&#x633; &#x627;&#x644;&#x628;&#x644;&#x627;&#x63A;&#x629; &#x645;&#x639; &#x634;&#x631;&#x62D; &#x627;&#x631;&#x62F;&#x648; &#x633;&#x628;&#x627;&#x642; &#x627;&#x644;&#x641;&#x635;&#x627;&#x62D;&#x647; ;; durus albalaghat mae sharh ardu sibaq alfasahih /</subfield>
    <subfield code="c">Syed Muhammed Abdul,ahed Qasimi ;;&#x633;&#x64A;&#x62F; &#x645;&#x62D;&#x645;&#x62F; &#x639;&#x628;&#x62F;&#x627;&#x644;&#x627;&#x62D;&#x62F; &#x642;&#x627;&#x633;&#x645;&#x64A;</subfield>
  </datafield>
  <datafield tag="264" ind1=" " ind2="1">
    <subfield code="a">Dhaka  :</subfield>
    <subfield code="b">Maniser hamidia lib, </subfield>
    <subfield code="c">1962</subfield>
  </datafield>
  <datafield tag="300" ind1=" " ind2=" ">
    <subfield code="a">206 &#x635;&#x641;&#x62D;&#x629;.</subfield>
    <subfield code="c">23 cm</subfield>
  </datafield>
  <datafield tag="650" ind1=" " ind2="4">
    <subfield code="a">Arabic language</subfield>
    <subfield code="v">grammar</subfield>
    <subfield code="9">732</subfield>
  </datafield>
  <datafield tag="942" ind1=" " ind2=" ">
    <subfield code="2">ddc</subfield>
    <subfield code="c">BK</subfield>
  </datafield>
  <datafield tag="999" ind1=" " ind2=" ">
    <subfield code="c">80069</subfield>
    <subfield code="d">80069</subfield>
  </datafield>
  <datafield tag="952" ind1=" " ind2=" ">
    <subfield code="0">0</subfield>
    <subfield code="1">0</subfield>
    <subfield code="2">ddc</subfield>
    <subfield code="4">0</subfield>
    <subfield code="7">1</subfield>
    <subfield code="8">NFIC</subfield>
    <subfield code="a">RUCL</subfield>
    <subfield code="b">RUCL</subfield>
    <subfield code="c">Reading</subfield>
    <subfield code="d">2022-06-30</subfield>
    <subfield code="l">0</subfield>
    <subfield code="o">A 492.75 NAD 1962</subfield>
    <subfield code="r">2022-06-30 00:00:00</subfield>
    <subfield code="t">C-1</subfield>
    <subfield code="w">2022-06-30</subfield>
    <subfield code="y">BK</subfield>
  </datafield>
</record>
